Movies Quiz

Random Movies or Clickable Quiz

Guess the Movie in 3 Words III Quiz Stats

 Plays Quiz Updated Sep 15, 2019

Score 0/60 Timer 09:00
15 Plays Today
% Correct
Snow White and the Seven Dwarfs
91.9%
Shrek
91.8%
The Polar Express
91.8%
Ghostbusters
91.4%
Pinocchio
90.9%
Cleopatra
90.7%
Willie Wonka & the Chocolate Factory
90.4%
Lady and the Tramp
89.5%
Free Willy
89.4%
Rocky IV
89.2%
Annie
89%
Elf
88.7%
Frozen
88.1%
Pretty Woman
87.9%
Miss Congeniality
87.3%
The Breakfast Club
86.7%
The Pink Panther
86.4%
Schindler's List
85.2%
Tangled
84.6%
The Ten Commandments
83.8%
Saturday Night Fever
83.8%
Thelma & Louise
82%
Footloose
79.7%
The Birds
79.3%
Child's Play
79%
Basic Instinct
78.5%
Wonder Woman
78.2%
Grease
77%
Field of Dreams
76.8%
Blazing Saddles
74.8%
% Correct
All the President's Men
73%
Flashdance
72.6%
The Omen
72.5%
Dallas Buyers Club
69.7%
Easy Rider
69.4%
A Streetcar Named Desire
65.3%
The Seven Year Itch
65.3%
The Odd Couple
63.4%
Romancing the Stone
62.8%
Porky's
62.7%
Rudy
62%
Gremlins
61.3%
Lolita
61.2%
Scent of a Woman
58.9%
The Magnificent Seven
58.6%
A Nightmare on Elm Street
58.6%
Dead Man Walking
58.1%
Arsenic and Old Lace
56.8%
Little Shop of Horrors
56.2%
This Is Spinal Tap
54.6%
From Here to Eternity
50.9%
A Trip to the Moon
50.5%
Office Space
45.8%
Chinatown
44.5%
Confessions of a Dangerous Mind
31.3%
Bringing Up Baby
29.8%
The Seventh Seal
29.1%
Blue Velvet
26%
The Night of the Hunter
21.2%
Un Chien Andalou
18.8%

You're not logged in!

Compare scores with friends on all Sporcle quizzes.
OR
Log In

Sporcle TV

Today on Sporcle TV


Watch our educational content, quiz creation guides, and fun videos on Sporcle TV.

Show Comments

Extras

Top Quizzes Today


Score Distribution

Your Account Isn't Verified!

In order to create a playlist on Sporcle, you need to verify the email address you used during registration. Go to your Sporcle Settings to finish the process.

Report this User

Report this user for behavior that violates our Community Guidelines.

Details: